Statistiken für Europäische Länder mit Geysiren

Klicken Sie hier um das Quiz zu spielen!

Allgemein

  • Dieses Quiz wurde 113 mal gespielt
  • Das Durchschnittsergebnis liegt bei 2 aus 5

Antwortstatistiken

Geyserland% Korrekt
Island
98%
Russland
73%
Deutschland
47%
Serbien
14%
Bulgarien
9%

Verteilung der Resultate

Perzentil nach korrekt beantworteten Fragen

Anzahl Personen mit jedem Resultat

Ihre Resultats-Entwicklung

Sie haben dieses Quiz noch nicht gespielt